Solid state physics Ed2: principles and modern applications (Record no. 170705)
[ view plain ]
| 000 -LEADER | |
|---|---|
| fixed length control field | 00664nam a2200229Ia 4500 |
| 003 - CONTROL NUMBER IDENTIFIER | |
| control field | OSt |
| 005 - DATE AND TIME OF LATEST TRANSACTION | |
| control field | 20230502153345.0 |
| 008 - FIXED-LENGTH DATA ELEMENTS--GENERAL INFORMATION | |
| fixed length control field | 210423s2018 xx 000 0 und d |
| 020 ## - INTERNATIONAL STANDARD BOOK NUMBER | |
| International Standard Book Number | 978-3-319-73998-4 |
| 040 ## - CATALOGING SOURCE | |
| Transcribing agency | AL |
| 041 ## - LANGUAGE CODE | |
| Language code of text/sound track or separate title | eng |
| 082 ## - DEWEY DECIMAL CLASSIFICATION NUMBER | |
| Classification number | 530.41 |
| Edition number | 23 |
| Item number | QUIS |
| 100 ## - MAIN ENTRY--PERSONAL NAME | |
| Personal name | QUINN (John J);YI (Kyung-Soo) |
| 9 (RLIN) | 96325 |
| 245 ## - TITLE STATEMENT | |
| Title | Solid state physics Ed2: principles and modern applications |
| 250 ## - EDITION STATEMENT | |
| Edition statement | 2 |
| 260 ## - PUBLICATION, DISTRIBUTION, ETC. | |
| Place of publication, distribution, etc. | Heidelberg |
| Name of publisher, distributor, etc. | Springer Verlag |
| Date of publication, distribution, etc. | 2018 |
| 300 ## - PHYSICAL DESCRIPTION | |
| Extent | xix,594 |
| Other physical details | PB |
| 365 ## - TRADE PRICE | |
| Price amount | 8149 |
| Currency code | INR |
| 650 ## - SUBJECT ADDED ENTRY--TOPICAL TERM | |
| Topical term or geographic name entry element | Solid State Physics |
| 9 (RLIN) | 96326 |
| 906 ## - LOCAL DATA ELEMENT F, LDF (RLIN) | |
| a | applications ; Ed2: ; modern ; physics ; principles ; Solid ; state |
| 942 ## - ADDED ENTRY ELEMENTS (KOHA) | |
| Source of classification or shelving scheme | Dewey Decimal Classification |
| Koha item type | Book |
| Withdrawn status | Lost status | Damaged status | Not for loan | Collection code | Home library | Current library | Date acquired | Source of acquisition | Cost, normal purchase price | Total Checkouts | Full call number | Barcode | Date last seen | Date last checked out | Price effective from | Koha item type |
|---|---|---|---|---|---|---|---|---|---|---|---|---|---|---|---|---|
| Physics | St Aloysius PG Library | St Aloysius PG Library | 03/11/2020 | Biblios Book Point | 8149.00 | 2 | 530.41 QUIS | PG017207 | 05/04/2024 | 02/09/2024 | 04/26/2021 | Book |